[Event "AUTO-OPEN-574"]
[Site "http://www.queenalice.com/game.php?id=175029"]
[Date "2007.2.28"]
[Round "1"]
[White "reginaldox"]
[Black "leandrolokinho"]
[Result "1-0"]
[WhiteElo "1633"]
[BlackElo "1116"]

1. e4 e5 2. f4 Qh4+ 3. g3 Qe7 4. fxe5 Qb4 5. Bg2 Nh6 6. Nc3 f6 7. Nf3 fxe5 8.
O-O d6 9. Nd5 Qa4 10. Nxc7+ Kd8 11. Nxa8 Ng4 12. b3 Qxe4 13. Ng5 Qd4+ 14. Kh1 h6
15. Nf7+ Kd7 16. c3 Qc5 17. Qxg4+ Ke7 18. Qg6 d5 19. Nxe5 b5 20. Rf7+ Kd8 21.
Bb2 Nd7 22. Nxd7 Bxd7 23. d4 Qc8 24. Nb6 Qa6 25. Rxd7# 1-0

[Event "AUTO-OPEN-574"]
[Site "http://www.queenalice.com/game.php?id=175030"]
[Date "2007.2.28"]
[Round "1"]
[White "leandrolokinho"]
[Black "reginaldox"]
[Result "0-1"]
[WhiteElo "1041"]
[BlackElo "1589"]

1. Nf3 d5 2. Ne5 c5 3. Nc3 Bf5 4. Nxd5 Qxd5 5. h4 Qxe5 6. Rh3 Bxh3 7. gxh3 Nf6
8. c4 e6 9. Qa4+ Nc6 10. Bg2 Rc8 11. d3 Be7 12. Bg5 O-O 13. f4 Qxb2 14. Rd1 Nd4
15. h5 Qxe2# 0-1

[Event "AUTO-BEG-79"]
[Site "http://www.queenalice.com/game.php?id=175812"]
[Date "2007.3.1"]
[Round "1"]
[White "BUZZYRJ"]
[Black "leandrolokinho"]
[Result "1-0"]
[WhiteElo "1378"]
[BlackElo "1134"]

1. d4 Nc6 2. Nf3 Nxd4 3. Nxd4 Nf6 4. g3 Ne4 5. f3 Nf6 6. c4 e5 7. Nb5 a6 8. N5c3
Bb4 9. a3 Bd6 10. f4 h5 11. Be3 Rh6 12. Nd5 g6 13. f5 a5 14. Bxh6 Nxd5 15. Qxd5
gxf5 16. c5 Bxc5 17. Qxc5 b6 18. Qxe5+ Qe7 19. Qh8+ Qf8 20. Qxf8# 1-0

[Event "AUTO-BEG-79"]
[Site "http://www.queenalice.com/game.php?id=175813"]
[Date "2007.3.1"]
[Round "1"]
[White "leandrolokinho"]
[Black "BUZZYRJ"]
[Result "0-1"]
[WhiteElo "1124"]
[BlackElo "1384"]

1. Nf3 d5 2. Nc3 c5 3. Nxd5 Qxd5 4. a4 Bf5 5. Ne5 Qxe5 6. d4 cxd4 7. e4 Qxe4+ 8.
Qe2 Nf6 9. f3 Qh4+ 10. g3 Qh5 11. Qb5+ Nc6 12. g4 Qh4+ 13. Kd1 Qf2 14. h4 Qxf3+
15. Be2 Qxh1+ 16. Bf1 Bxg4+ 17. Kd2 a6 18. Qc4 Qh2+ 19. Be2 Ne4+ 20. Kd3 Qxe2#
0-1

[Event "AUTO-BEG-79"]
[Site "http://www.queenalice.com/game.php?id=175836"]
[Date "2007.3.1"]
[Round "1"]
[White "leandrolokinho"]
[Black "ErasmudoPorto"]
[Result "0-1"]
[WhiteElo "1149"]
[BlackElo "1301"]

1. Nf3 Nf6 2. Nc3 d6 3. e4 Bg4 4. Bb5+ c6 5. Bd3 e5 6. Bc4 Be7 7. O-O O-O 8. Re1
Nbd7 9. a4 Ne8 10. Ra3 Ndf6 11. Re3 d5 12. Bd3 d4 13. b3 dxe3 14. dxe3 Bxa3 15.
Bxa3 Nd6 16. Nxe5 Bxd1 17. Nxd1 Ndxe4 18. Bxe4 Qxd1# 0-1

[Event "AUTO-BEG-79"]
[Site "http://www.queenalice.com/game.php?id=175837"]
[Date "2007.3.1"]
[Round "1"]
[White "ErasmudoPorto"]
[Black "leandrolokinho"]
[Result "1-0"]
[WhiteElo "1313"]
[BlackElo "1116"]

1. f4 Nc6 2. g3 Nf6 3. d3 Nb4 4. a3 Nc6 5. Bg2 d5 6. Nf3 e5 7. fxe5 Be6 8. exf6
gxf6 9. Nc3 Bg7 10. e4 h5 11. Nh4 a5 12. exd5 Bf5 13. Nxf5 Qd7 14. Nxg7+ Ke7 15.
dxc6 Qxc6 16. Bxc6 bxc6 17. Qf3 Rh6 18. Nf5+ Ke6 19. Qe4+ Kd7 20. Qe7+ Kc8 21.
Bf4 Rg6 22. Qxc7# 1-0

[Event "Challenge"]
[Site "http://www.queenalice.com/game.php?id=178088"]
[Date "2007.3.7"]
[Round "-"]
[White "leandrolokinho"]
[Black "bruninholoko"]
[Result "1-0"]
[WhiteElo "1094"]
[BlackElo "1206"]

1. Nf3 d5 2. Nc3 e6 3. h4 d4 4. Nxd4 e5 5. Na4 exd4 6. e4 dxe3 7. fxe3 f5 8.
Bb5+ c6 9. Bc4 b5 10. Bd3 bxa4 11. b3 a5 12. bxa4 Qf6 13. O-O Qxh4 14. Rxf5 Bxf5
15. Bxf5 Nh6 16. Be4 Qxe4 17. Rb1 Qg4 18. Qxg4 Nxg4 19. c4 Bb4 20. Bb2 Bxd2 21.
Rd1 Bxe3+ 22. Kf1 Rf8+ 23. Ke2 Rf2+ 24. Kd3 Rxb2 25. Kc3 Rxa2 26. Kb3 Rd2 27.
Rxd2 Bxd2 28. Kc2 Bf4 29. c5 Na6 30. Kd3 Rd8+ 31. Ke4 Be3 32. Kf3 Bxc5 33. Kxg4
Rd4+ 34. Kf5 g6+ 35. Kf6 Rxa4 36. Ke5 h5 37. Kf6 Rg4 38. Ke5 a4 39. Ke6 a3 40.
Kf6 a2 41. Kg7 a1=Q+ 42. Kh6 1-0

[Event "Challenge"]
[Site "http://www.queenalice.com/game.php?id=182130"]
[Date "2007.3.15"]
[Round "-"]
[White "leandrolokinho"]
[Black "grega"]
[Result "0-1"]
[WhiteElo "1105"]
[BlackElo "1241"]

1. d4 d5 2. e3 Nf6 3. Bd3 g6 4. Nc3 Bg7 5. Nf3 O-O 6. h4 Nc6 7. Qe2 Bh6 8. Bd2
g5 9. hxg5 Bxg5 10. Nxg5 Bg4 11. f3 Bh5 12. Bf5 Nb4 13. g4 Nxc2+ 14. Kf1 Nxa1
15. Rxh5 Nxh5 16. gxh5 f6 17. Qd3 fxg5 18. f4 e6 19. Bxe6+ Kg7 20. Nxd5 Qd6 21.
Qe4 Qa6+ 22. Kg2 Qe2+ 23. Kg3 Qxd2 24. Nxc7 Qe1+ 25. Kg4 Qg1+ 26. Kf3 Qh1+ 27.
Ke2 Qxh5+ 28. Kd3 Rad8 29. f5 Qd1+ 30. Kc3 Qc1+ 31. Kb4 Qxb2+ 32. Kc5 Qc3+ 33.
Kb5 a6+ 34. Kb6 Rd6+ 35. Kxb7 Qb4+ 36. Ka7 Qb6# 0-1

[Event "AUTO-OPEN-648"]
[Site "http://www.queenalice.com/game.php?id=206786"]
[Date "2007.5.6"]
[Round "1"]
[White "leandrolokinho"]
[Black "gabrielbrenner"]
[Result "0-1"]
[WhiteElo "1088"]
[BlackElo "1711"]

1. e4 e5 2. Nf3 Nc6 3. d3 Nf6 4. a4 Bc5 5. Ra3 Bxa3 6. bxa3 d6 7. Ng5 O-O 8. h4
h6 9. Nf3 Bg4 10. Be2 Bxf3 11. Bxf3 Qd7 12. Rh2 Nd4 13. Nc3 Nxf3+ 14. gxf3 Qc6
15. h5 Qxc3+ 16. Bd2 Qxa3 17. Qc1 Qxc1+ 18. Bxc1 a6 19. Rg2 Kh7 20. Rxg7+ Kxg7
21. Bd2 c6 22. Ba5 b5 23. axb5 axb5 24. Bd2 Nxh5 25. Bb4 c5 0-1

[Event "AUTO-OPEN-648"]
[Site "http://www.queenalice.com/game.php?id=206787"]
[Date "2007.5.6"]
[Round "1"]
[White "gabrielbrenner"]
[Black "leandrolokinho"]
[Result "1-0"]
[WhiteElo "1709"]
[BlackElo "1090"]

1. e4 e5 2. Nf3 Nc6 3. Bc4 Qe7 4. d3 d6 5. Ng5 f6 6. Nf7 h5 7. Nxh8 Nh6 8. Qxh5+
Kd7 9. Bxh6 gxh6 10. Ng6 Qe8 11. Qf5+ Kd8 12. Qxf6+ Be7 13. Nxe7 Qxe7 14. Qxe7+
Kxe7 15. Nc3 Nb4 16. O-O-O Bg4 17. f3 Bh5 18. g4 Be8 19. Nd5+ Kd8 20. Nxb4 Kd7
21. c3 Rd8 22. Nd5 c6 23. Nf6+ Ke7 24. Nxe8 Rxe8 25. h4 1-0

[Event "AUTO-OPEN-648"]
[Site "http://www.queenalice.com/game.php?id=206788"]
[Date "2007.5.6"]
[Round "1"]
[White "leandrolokinho"]
[Black "LadyAndrea"]
[Result "0-1"]
[WhiteElo "1098"]
[BlackElo "1817"]

1. e4 e5 2. Nf3 Nc6 3. d3 h6 4. h4 Nf6 5. h5 d5 6. Qe2 d4 7. Rh4 Be7 8. Bd2 Ng4
9. Rxg4 Bxg4 10. a3 Bxh5 11. a4 a5 12. Ra3 Bxa3 13. bxa3 O-O 14. Nc3 Ne7 15. Nb5
c6 16. g3 cxb5 17. axb5 b6 18. Bh3 Qd6 19. Bc1 Qc5 20. a4 Qb4+ 21. Bd2 Qb1+ 22.
Qd1 Qxd1+ 23. Kxd1 Bxf3+ 24. Ke1 g5 25. Bf1 Rac8 26. Be2 Bxe2 27. Kxe2 Rxc2 0-1

[Event "AUTO-OPEN-648"]
[Site "http://www.queenalice.com/game.php?id=206789"]
[Date "2007.5.6"]
[Round "1"]
[White "LadyAndrea"]
[Black "leandrolokinho"]
[Result "1-0"]
[WhiteElo "1819"]
[BlackElo "1096"]

1. d4 d5 2. h3 e6 3. Nf3 Nc6 4. a3 a5 5. e3 h5 6. Bd3 Nf6 7. Nc3 Rh6 8. e4 Ra6
9. Bxa6 bxa6 10. Bxh6 gxh6 11. e5 Nd7 12. Ne2 Nb6 13. b3 a4 14. O-O Nc4 15. bxc4
dxc4 16. c3 Bg7 17. Nd2 a5 18. Qxa4 Ba6 19. Qxc6+ Qd7 20. Qxa6 Qd8 21. Qxc4 c5
22. Qxc5 Bf8 23. Qc6+ Qd7 24. Qxd7+ Kxd7 25. Rfb1 f5 26. exf6 Bd6 27. Ne4 Bc7
28. Nc5+ 1-0

[Event "Challenge"]
[Site "http://www.queenalice.com/game.php?id=220067"]
[Date "2007.6.2"]
[Round "-"]
[White "MariaClara"]
[Black "leandrolokinho"]
[Result "1-0"]
[WhiteElo "1381"]
[BlackElo "1086"]

1. e4 e5 2. Qh5 g6 3. Qxe5+ Ne7 4. Qxh8 d6 5. Bc4 Na6 6. Qxh7 Kd7 7. d4 Nb4 8.
Na3 Nec6 9. Qxf7+ Qe7 10. Qxg6 Nxd4 11. Bg5 Qe8 12. Qh7+ Kc6 13. c3 1-0